[Event "Najdorf Mem Open A"]
[Site "Warsaw POL"]
[Date "2010.07.20"]
[Round "4"]
[White "Erzhanov,A"]
[Black "Borowicz,P"]
[Result "1-0"]
[WhiteElo "2363"]
[BlackElo "2001"]
[EventDate "2010.07.17"]

1. e4 c6 2. d4 d5 3. exd5 cxd5 4. c4 Nf6 5. Nc3 e6 6. c5 Nc6 7. Nf3 Be7 8.
Bb5 Bd7 9. O-O O-O 10. Bf4 Ne4 11. Rc1 Qa5 12. Bxc6 Bxc6 13. a3 b6 14. Ne5
Nxc3 15. Rxc3 Ba4 16. Qg4 g6 17. Bh6 bxc5 18. dxc5 Bf6 19. Qf4 Bg7 20. Rh3
Qc7 21. Bxg7 Kxg7 22. Qh6+ Kf6 23. Qf4+ Kg7 24. Qh6+ Kf6 25. Rf3+ Ke7 26.
Nxf7 Qxc5 27. Qh4+ g5 28. Nxg5 Qc4 29. Ne4+ Kd7 30. Qxh7+ 1-0

[Event "Najdorf Mem Open A"]
[Site "Warsaw POL"]
[Date "2010.07.20"]
[Round "4"]
[White "Nowicki,B"]
[Black "Choroszej,A"]
[Result "1/2-1/2"]
[WhiteElo "2067"]
[BlackElo "2095"]
[EventDate "2010.07.17"]

1. e4 g6 2. d4 Bg7 3. Nc3 d6 4. f4 Nf6 5. Nf3 O-O 6. Bd3 Na6 7. O-O c5 8.
d5 e6 9. dxe6 Bxe6 10. e5 dxe5 11. fxe5 Nd7 12. Qe1 Nxe5 13. Bxa6 Nxf3+ 14.
Rxf3 bxa6 15. Ne4 Bf5 16. Nxc5 Re8 17. Be3 Bd4 18. Nb3 Bb6 19. Qf2 Rxe3 20.
Rxe3 Qg5 21. Rae1 Kg7 22. c3 Bxe3 23. Qxe3 Qxe3+ 24. Rxe3 Bb1 1/2-1/2

[Event "Najdorf Mem Open A"]
[Site "Warsaw POL"]
[Date "2010.07.20"]
[Round "4"]
[White "Gluszko,M"]
[Black "Bugajski,R"]
[Result "0-1"]
[WhiteElo "2004"]
[BlackElo "2222"]
[EventDate "2010.07.17"]

1. e4 e6 2. d4 d5 3. Nc3 Bb4 4. Nge2 dxe4 5. a3 Be7 6. Nxe4 Nc6 7. Be3 Nf6
8. Nxf6+ Bxf6 9. c3 O-O 10. Ng3 e5 11. d5 Ne7 12. c4 Nf5 13. Bd3 Nxe3 14.
fxe3 g6 15. O-O Bg7 16. e4 c6 17. Qc2 cxd5 18. cxd5 Bd7 19. Rac1 Bh6 20.
Rcd1 Qb6+ 21. Kh1 Rac8 22. Qe2 Bf4 23. Qf2 Be3 24. Qf6 Qxf6 25. Rxf6 Kg7
26. Rff1 Bg4 27. Rb1 h5 28. h3 Bd4 29. Kh2 Bd7 30. Ne2 Be3 31. Rf3 Bg5 32.
Rbf1 a6 33. Nc3 Bf4+ 34. g3 Bd2 35. Ne2 f6 36. Rd1 Bg5 37. Rdf1 Rc5 38.
R1f2 Bg4 39. Nc3 Bxf3 40. Rxf3 b5 41. Bb1 Bc1 42. Nd1 h4 43. Kg2 hxg3 44.
Rxg3 Bf4 45. Rd3 Rd8 46. Nc3 Bc1 47. b4 Rc4 48. Ne2 Bb2 49. Rb3 Bc1 50. Bd3
Rc7 51. a4 bxa4 52. Rb1 Bd2 53. Bxa6 a3 54. b5 a2 55. Ra1 Rc2 56. Kf3 Rh8
57. Kg3 Be3 58. b6 Bxb6 59. Bd3 Rb2 60. Bc4 Rc8 61. Bd3 Rb3 0-1

[Event "Najdorf Mem Open A"]
[Site "Warsaw POL"]
[Date "2010.07.20"]
[Round "4"]
[White "Krasiewicz,R"]
[Black "Lada,M"]
[Result "1/2-1/2"]
[WhiteElo "2053"]
[BlackElo "2159"]
[EventDate "2010.07.17"]

1. d4 e6 2. c4 f5 3. g3 Nf6 4. Bg2 c6 5. Nh3 d6 6. O-O Be7 7. b4 O-O 8. Bb2
Qc7 9. Qb3 Kh8 10. Nd2 Nbd7 11. Nf4 Nb6 12. Nd3 Bd7 13. f3 Rae8 14. Rae1
Bd8 15. c5 Nc8 16. e4 d5 17. exf5 exf5 18. Ne5 Ne7 19. Re2 Ng6 20. Rfe1 Kg8
21. Bh3 Nh8 22. Qd3 g6 23. Nf1 Nf7 24. Bc1 a6 25. Bf4 Qc8 26. Nxf7 Kxf7 27.
Ne3 Bc7 28. Bh6 Rg8 29. a3 Qb8 30. Bg5 Bxg3 31. Bxf6 Bxe1 32. Be5 Rxe5 33.
dxe5 Bh4 34. Nc4 Be6 35. Nd6+ Kg7 36. Rg2 Kh8 37. Qd4 Be7 38. Bxf5 Bxf5 39.
e6+ Rg7 40. Nxf5 Qf8 41. Nxg7 Qxg7 42. Rg4 Bf6 43. Qd3 Qe7 44. Qe2 a5 45.
Rf4 axb4 46. axb4 Kg7 47. Kf1 Qc7 48. Qe3 Qe7 49. h4 d4 50. Rxd4 Bxd4 51.
Qxd4+ Qf6 52. Qd7+ Kh6 53. Qd2+ Kg7 54. Qe3 Kf8 55. h5 gxh5 56. Qe4 Ke7 57.
Qxh7+ Kxe6 58. Qxh5 Qa1+ 59. Kg2 Qb2+ 60. Kg3 Qb1 61. Qe8+ Kd5 62. Qf7+ Kd4
63. Kg4 Kc3 64. Qg7+ Kc4 65. Kh5 Qh1+ 66. Kg6 Qb1+ 67. Kh6 Qh1+ 68. Kg6
Qg2+ 69. Kh7 Qxf3 70. Qxb7 Qd3+ 71. Kg8 Qb3 72. Qxc6 Qxb4 1/2-1/2

[Event "Najdorf Mem Open A"]
[Site "Warsaw POL"]
[Date "2010.07.20"]
[Round "4"]
[White "Bursa,R"]
[Black "Hetzer,V"]
[Result "1/2-1/2"]
[WhiteElo "2014"]
[BlackElo "2063"]
[EventDate "2010.07.17"]

1. e4 e5 2. Nc3 Nf6 3. Bc4 Bc5 4. d3 c6 5. Qe2 O-O 6. Bg5 d6 7. O-O-O a5 8.
a4 Bd4 9. Qd2 Be6 10. Nge2 Bc5 11. f4 Nbd7 12. fxe5 dxe5 13. Bxe6 fxe6 14.
d4 exd4 15. Nxd4 Qe8 16. Qe2 Bb4 17. e5 Bxc3 18. exf6 Bxd4 19. Rxd4 Nxf6
20. Re1 Nd5 21. Rg4 e5 22. Bh6 Rf7 23. Qxe5 Qxe5 24. Rxe5 Kf8 25. Bd2 Rf1+
26. Re1 Rxe1+ 27. Bxe1 b6 28. Bh4 Re8 29. Kd2 Kf7 30. Rd4 Re6 31. c4 Nf6
32. Kd3 c5 33. Rd8 h6 34. Bg3 Ne4 35. Be1 g5 36. g4 Kg7 37. b3 Kf7 38. h3
Kg7 39. Rd5 Kg6 40. Rd8 Kf7 41. Rb8 Kg7 42. Rd8 Kf7 43. Rb8 1/2-1/2

[Event "Najdorf Mem Open A"]
[Site "Warsaw POL"]
[Date "2010.07.22"]
[Round "6"]
[White "Mista,A"]
[Black "Brodsky,M"]
[Result "1/2-1/2"]
[WhiteElo "2562"]
[BlackElo "2540"]
[EventDate "2010.07.17"]

1. e4 c5 2. Nf3 d6 3. d4 cxd4 4. Nxd4 Nf6 5. Nc3 a6 6. Bc4 e6 7. Bb3 Nbd7
8. Bg5 Qb6 9. f4 Be7 10. f5 Nc5 11. Qf3 Bd7 12. O-O-O Qc7 13. Kb1 O-O-O 14.
Rhe1 Kb8 15. Bh4 Ka8 16. Bg3 Nxb3 17. cxb3 Rc8 18. Rc1 Qb8 19. Red1 Rhe8
20. b4 Rc4 21. b5 e5 22. Nc2 d5 23. Nxd5 Nxd5 24. Rxd5 Bxb5 25. Rxe5 Qc8
26. Bf4 Bf6 27. Rxe8 Qxe8 28. Re1 Bc6 29. Qb3 Rxe4 30. Be3 Bg5 31. Qb6 Bxe3
32. Nxe3 Re7 33. Rd1 Rd7 34. Kc1 Rxd1+ 35. Kxd1 Qe5 36. h3 Bb5 37. Kc1
1/2-1/2

[Event "Najdorf Mem Open A"]
[Site "Warsaw POL"]
[Date "2010.07.22"]
[Round "6"]
[White "Radulski,J"]
[Black "Erdos,V"]
[Result "1-0"]
[WhiteElo "2574"]
[BlackElo "2592"]
[EventDate "2010.07.17"]

1. e4 e5 2. Nf3 Nc6 3. Bb5 a6 4. Ba4 Nf6 5. O-O Nxe4 6. d4 b5 7. Bb3 d5 8.
dxe5 Be6 9. Qe2 Be7 10. Rd1 O-O 11. c4 bxc4 12. Bxc4 Bc5 13. Be3 Bxe3 14.
Qxe3 Qb8 15. Bb3 Na5 16. Nbd2 Qa7 17. Qxa7 Rxa7 18. Nxe4 Nxb3 19. axb3 dxe4
20. Nd4 c5 21. Nc6 Rb7 22. b4 cxb4 23. Rxa6 Bc4 24. Ra5 Bd3 25. f4 Rc8 26.
Nd4 e3 27. Raa1 Be4 28. Kf1 g6 29. Ke2 Bxg2 30. Kxe3 Re8 31. Ra5 Bh3 32.
Rb5 Rxb5 33. Nxb5 Rc8 34. Nd4 f6 35. Rd2 Kf7 36. Rc2 Rxc2 37. Nxc2 fxe5 38.
fxe5 Ke6 39. Kd4 b3 40. Na1 Bg2 41. Nxb3 g5 42. Nc5+ Kf5 43. b4 Bc6 44. Nd3
Ke6 45. Kc5 Be4 46. Nf2 Ba8 47. Kd4 Bc6 48. Ne4 h6 49. Nd6 g4 50. b5 Bg2
51. b6 Kd7 52. b7 Kc7 53. e6 h5 54. Ne4 Bf1 55. Kc5 g3 56. hxg3 Bh3 57. e7
1-0

[Event "Najdorf Mem Open A"]
[Site "Warsaw POL"]
[Date "2010.07.22"]
[Round "6"]
[White "Dziuba,M"]
[Black "Boros,De"]
[Result "1-0"]
[WhiteElo "2582"]
[BlackElo "2499"]
[EventDate "2010.07.17"]

1. d4 e6 2. c4 c5 3. d5 exd5 4. cxd5 d6 5. Nc3 g6 6. Nf3 a6 7. a4 Bg7 8.
Bf4 Nf6 9. h3 O-O 10. e3 Re8 11. Nd2 Nbd7 12. Be2 Ne5 13. O-O Nfd7 14. Bh2
f5 15. Qc2 Nf6 16. a5 Rb8 17. Rfe1 Nfd7 18. Bf1 b5 19. axb6 Qxb6 20. Ra2
Bb7 21. Rea1 Ra8 22. Qb3 Nf7 23. Qa4 Qd8 24. Qc2 Nb6 25. Bxa6 Bxd5 26. Nxd5
Nxd5 27. Bc4 Rxa2 28. Bxa2 Nb4 29. Bxf7+ Kxf7 30. Qc4+ Kf8 31. Ra8 Qf6 32.
Rxe8+ Kxe8 33. Qg8+ Kd7 34. Nc4 d5 35. Be5 Qe7 36. Bxg7 dxc4 37. Bf8 Qf6
38. Qxh7+ Kc6 39. Bg7 Qd6 40. h4 Na2 41. h5 Qd1+ 42. Kh2 Qxh5+ 43. Qxh5
gxh5 44. Kg3 Kd5 45. Kf4 Ke6 46. Kg5 Nb4 47. Bc3 Nd3 48. f3 Nf2 49. Kxh5
Nd1 50. e4 fxe4 51. fxe4 Nxc3 52. bxc3 Ke5 53. g4 Kxe4 54. g5 Kd3 55. g6
Kxc3 56. g7 Kb2 57. g8=Q c3 58. Qg7 Kc2 59. Kg4 Kd2 60. Qg5+ Kd1 61. Kf3 c2
62. Qe3 c4 63. Kf2 c1=N 64. Qc3 Nb3 65. Ke3 1-0

[Event "Najdorf Mem Open A"]
[Site "Warsaw POL"]
[Date "2010.07.22"]
[Round "6"]
[White "Sveshnikov,E"]
[Black "Malakhatko,V"]
[Result "1/2-1/2"]
[WhiteElo "2487"]
[BlackElo "2576"]
[EventDate "2010.07.17"]

1. e4 e6 2. d4 d5 3. e5 c5 4. c3 Qb6 5. Nf3 Nc6 6. a3 Nh6 7. b4 cxd4 8.
Bxh6 gxh6 9. cxd4 Bd7 10. Ra2 Rc8 11. Rc2 a5 12. b5 Na7 13. Rxc8+ Nxc8 14.
Qb3 Qc7 15. Bd3 Qc1+ 16. Qd1 Qxd1+ 17. Kxd1 Nb6 18. Ke2 1/2-1/2

[Event "Najdorf Mem Open A"]
[Site "Warsaw POL"]
[Date "2010.07.22"]
[Round "6"]
[White "Petrov,Marij"]
[Black "Socko,M"]
[Result "1/2-1/2"]
[WhiteElo "2535"]
[BlackElo "2477"]
[EventDate "2010.07.17"]

1. e4 e5 2. Nf3 Nf6 3. Nxe5 d6 4. Nf3 Nxe4 5. d4 d5 6. Bd3 Nc6 7. O-O Be7
8. c4 Nb4 9. Be2 O-O 10. Nc3 Bf5 11. a3 Nxc3 12. bxc3 Nc6 13. cxd5 Qxd5 14.
Re1 Rfe8 15. Bf4 Rac8 16. Qa4 Be4 17. Bg3 Bd6 18. Bc4 Qh5 19. Nd2 Qf5 20.
Qb5 Qxb5 21. Bxb5 Bxg3 22. Nxe4 Bd6 23. a4 a6 24. Bxc6 bxc6 25. Nxd6 cxd6
26. Rxe8+ Rxe8 27. Rb1 c5 28. Kf1 cxd4 29. cxd4 Kf8 30. Rb6 d5 31. Rd6 Rb8
32. Rxd5 Rb4 33. Ra5 Rxd4 34. Rxa6 h5 35. g3 h4 36. Kg2 Ke7 37. f4 hxg3 38.
hxg3 g6 39. Kf3 Rd3+ 40. Kg4 Ra3 41. a5 Kf8 42. Kg5 Kg7 43. g4 f6+ 44. Kh4
Ra4 45. Ra7+ Kh6 46. Ra6 Kg7 47. Kg3 Ra3+ 48. Kf2 Ra2+ 49. Ke3 Ra3+ 50. Ke2
Ra4 51. g5 fxg5 52. fxg5 Kf7 53. Kf3 Ke7 54. Kg3 Kf7 55. Rf6+ Kg7 56. a6
Ra5 57. Kf4 Ra4+ 58. Ke3 Ra5 59. Kd4 Rxg5 60. Rc6 Ra5 61. Kc4 Kh6 62. Kb4
Ra1 63. Kb5 Kh5 64. Kb6 g5 65. a7 Kg4 66. Rc5 Rxa7 67. Kxa7 Kf4 68. Rc4+
Kf3 69. Rc3+ Kf2 70. Rc2+ Kf3 71. Kb6 g4 72. Kc5 g3 1/2-1/2

[Event "Najdorf Mem Open A"]
[Site "Warsaw POL"]
[Date "2010.07.22"]
[Round "6"]
[White "Klim,K"]
[Black "Macieja,B"]
[Result "1/2-1/2"]
[WhiteElo "2245"]
[BlackElo "2639"]
[EventDate "2010.07.17"]

1. d4 Nf6 2. c4 e6 3. Nf3 d5 4. cxd5 exd5 5. Bg5 c6 6. Nc3 h6 7. Bf4 Bf5 8.
e3 Nbd7 9. h3 Qb6 10. Qb3 Ne4 11. Qxb6 axb6 12. Nxe4 Bxe4 13. Nd2 Bh7 14.
Nb3 Bb4+ 15. Kd1 Nf6 16. f3 O-O 17. a3 Be7 18. Kd2 c5 19. dxc5 bxc5 20. Nc1
d4 21. e4 Nh5 22. Bh2 Bg5+ 23. Kd1 Bh4 24. g4 Ng3 25. Bxg3 Bxg3 26. Bb5
Rfc8 27. b3 Kf8 28. Rg1 Bd6 29. a4 f6 30. Bc4 Bg8 31. Rg2 Ra5 32. Rga2 Rca8
33. Kc2 Ke7 34. Nd3 g5 35. Nb2 R5a7 36. Kd3 h5 37. Bxg8 Rxg8 38. Nc4 hxg4
39. hxg4 Rh8 40. e5 fxe5 41. Re2 Rf8 42. Nxe5 Bxe5 43. Rxe5+ Kd6 44. Rxg5
Rxf3+ 45. Kc2 Rf2+ 46. Kd3 Rf3+ 47. Kc2 b6 48. Rg6+ Kd5 49. Rh1 Re7 50.
Rh5+ Ke4 51. Rf5 Rg3 52. Rf2 Rc3+ 53. Kb2 Ke3 54. Rgf6 Rd3 55. R6f3+ Ke4
56. Rf4+ Kd5 57. Rf6 Rde3 58. Rd2 R7e6 59. Rxe6 Rxe6 60. g5 Rg6 61. Rg2 Ke4
62. Kc2 Ke3 63. Rg1 Kf2 64. Rg4 Kf3 65. Rg1 Ke3 66. Rg2 Kf3 67. Rg1 Ke2 68.
Rg2+ Ke3 69. Rg1 Kf2 70. Rg4 Kf3 71. Rg1 Ke3 72. Rg2 Kf4 73. Kd3 Rxg5 74.
Rxg5 Kxg5 75. b4 cxb4 76. Kxd4 Kf6 77. Kc4 Ke6 78. Kxb4 Kd6 79. Kb5 1/2-1/2

[Event "Najdorf Mem Open A"]
[Site "Warsaw POL"]
[Date "2010.07.22"]
[Round "6"]
[White "Olszewski,Mi"]
[Black "Van Assendelft,F"]
[Result "1-0"]
[WhiteElo "2543"]
[BlackElo "2374"]
[EventDate "2010.07.17"]

1. d4 Nf6 2. c4 c5 3. d5 b5 4. cxb5 a6 5. bxa6 g6 6. Nc3 Bxa6 7. g3 d6 8.
Bg2 Bg7 9. Nf3 O-O 10. O-O Nbd7 11. Rb1 Qa5 12. Bd2 Bb7 13. b3 Qc7 14. Ne1
Nb6 15. Bc1 Nfd7 16. Qd2 Rfe8 17. Bb2 Bxc3 18. Bxc3 Nf6 19. Ba5 e6 20. dxe6
Rxe6 21. b4 Bxg2 22. Bxb6 Qxb6 23. Nxg2 Ne4 24. Qd5 Rb8 25. Rb2 cxb4 26. e3
Qc5 27. Qb3 Qc6 28. Nf4 Ng5 29. Qd5 Nh3+ 30. Kh1 Qa6 31. Qd3 Qc6+ 32. Nd5
Rb5 33. e4 Ng5 34. f3 f5 35. Qb3 Kg7 36. exf5 gxf5 37. Nxb4 Qb7 38. h4 Rh6
39. a4 Re5 40. Qc3 f4 41. Nc6 Qd7 42. Nxe5 Qh3+ 43. Kg1 1-0

[Event "Najdorf Mem Open A"]
[Site "Warsaw POL"]
[Date "2010.07.22"]
[Round "6"]
[White "Burg,T"]
[Black "Jakubowski,K"]
[Result "0-1"]
[WhiteElo "2449"]
[BlackElo "2506"]
[EventDate "2010.07.17"]

1. e4 c5 2. Nf3 d6 3. Nc3 a6 4. d4 cxd4 5. Nxd4 e6 6. Be3 b5 7. Qd2 Nf6 8.
f3 Nbd7 9. g4 Nb6 10. a4 Nc4 11. Bxc4 bxc4 12. a5 Bb7 13. g5 Nd7 14. h4 Rb8
15. Kf2 Ba8 16. h5 Rxb2 17. g6 hxg6 18. hxg6 Rxh1 19. gxf7+ Kxf7 20. Rxh1
Qxa5 21. Rh8 Nc5 22. Kg3 Nd7 23. Bg5 Rb8 24. Qf4+ Kg6 25. Nd5 Qe1+ 26. Kg2
Rb1 27. Nxe6 Qe2+ 28. Kg3 Rg1+ 29. Kh3 Qg2+ 30. Kh4 Rh1+ 0-1

[Event "Najdorf Mem Open A"]
[Site "Warsaw POL"]
[Date "2010.07.22"]
[Round "6"]
[White "Rej,T"]
[Black "Simonian,H"]
[Result "0-1"]
[WhiteElo "2334"]
[BlackElo "2494"]
[EventDate "2010.07.17"]

1. e4 c5 2. c3 d5 3. exd5 Qxd5 4. d4 g6 5. Nf3 Bg7 6. Na3 cxd4 7. Bc4 Qe4+
8. Be3 Nh6 9. cxd4 O-O 10. O-O Bg4 11. Ng5 Qxe3 12. fxe3 Bxd1 13. Raxd1 Nc6
14. Rf3 e6 15. g4 Nxg4 16. Nxe6 Nxe3 17. Rxe3 fxe6 18. Rxe6 Nxd4 19. Rd6+
Kh8 20. R6xd4 Bxd4+ 21. Rxd4 Rad8 22. Rxd8 Rxd8 23. Bf1 a6 24. b4 Rd2 25.
Bc4 Rd4 26. b5 axb5 27. Bxb5 Rd1+ 28. Kg2 Rd2+ 29. Kg3 Rxa2 30. Nc4 Kg7 31.
h4 Ra1 32. Nd6 Rb1 33. Be2 Rb3+ 34. Kf4 Rb4+ 35. Kg3 Kf6 36. Bf3 b5 37. Bc6
Rb3+ 38. Kf4 b4 39. Ne4+ Kg7 40. Bd5 Rh3 41. Kg4 Rd3 42. Be6 b3 43. Kf4 b2
44. Ba2 Rd1 45. Nc3 Rc1 46. Nb1 Kh6 47. Nd2 Kh5 48. Kg3 Rd1 49. Nb1 Rd3+
0-1

[Event "Najdorf Mem Open A"]
[Site "Warsaw POL"]
[Date "2010.07.22"]
[Round "6"]
[White "Zhigalko,S"]
[Black "Deszczynski,A"]
[Result "1-0"]
[WhiteElo "2656"]
[BlackElo "2352"]
[EventDate "2010.07.17"]

1. e4 c5 2. Nf3 Nc6 3. Bb5 g6 4. Bxc6 dxc6 5. d3 Bg7 6. h3 e5 7. O-O Qe7 8.
a4 Nf6 9. a5 Nd7 10. Nbd2 Nf8 11. Nc4 f6 12. Be3 Ne6 13. c3 O-O 14. Qc2 Kh8
15. Rab1 Qc7 16. b4 cxb4 17. cxb4 f5 18. exf5 gxf5 19. Rfe1 Bd7 20. Bd2 Nd4
21. Nxd4 exd4 22. Bg5 f4 23. Be7 f3 24. Bd6 Qd8 25. Bxf8 Qxf8 26. Qd1 fxg2
27. Qh5 Bf5 28. Ne5 Bxe5 29. Rxe5 Bxd3 30. Rd1 Bg6 31. Qg5 d3 32. Re7 Rd8
33. Qe5+ Kg8 34. Rxb7 Re8 35. Qg3 Kh8 36. a6 Be4 37. Re1 Bg6 38. Rxe8 1-0

[Event "Najdorf Mem Open A"]
[Site "Warsaw POL"]
[Date "2010.07.22"]
[Round "6"]
[White "Vysochin,S"]
[Black "Zozulia,A"]
[Result "1-0"]
[WhiteElo "2562"]
[BlackElo "2340"]
[EventDate "2010.07.17"]

1. e4 c5 2. c3 d6 3. d4 Nf6 4. Bd3 Qc7 5. h3 g6 6. Nf3 Bg7 7. O-O O-O 8.
Re1 Nfd7 9. d5 a6 10. a4 e6 11. Nbd2 Nf6 12. Nc4 exd5 13. exd5 Nxd5 14. Be4
Nf6 15. Qxd6 Qxd6 16. Nxd6 Nxe4 17. Nxe4 c4 18. Nd6 Be6 19. Ng5 Bd5 20. Rd1
Bc6 21. Nxc4 Nd7 22. Na5 Nc5 23. Be3 Ne6 24. Nxc6 bxc6 25. Nxe6 fxe6 26.
Rd6 Rfc8 27. Rad1 Rab8 28. R1d2 a5 29. Rxe6 Rb7 30. Bc5 1-0

[Event "Najdorf Mem Open A"]
[Site "Warsaw POL"]
[Date "2010.07.22"]
[Round "6"]
[White "Beinoras,M"]
[Black "Bernasek,J"]
[Result "0-1"]
[WhiteElo "2386"]
[BlackElo "2514"]
[EventDate "2010.07.17"]

1. d4 f5 2. c4 Nf6 3. Nf3 g6 4. g3 Bg7 5. Bg2 O-O 6. O-O d6 7. Nc3 Nc6 8.
d5 Na5 9. Qd3 c5 10. dxc6 Nxc6 11. Rd1 Kh8 12. h3 Bd7 13. Be3 Qc8 14. Rac1
Nb4 15. Qd2 Na6 16. b3 Nc5 17. Bh6 Nce4 18. Bxg7+ Kxg7 19. Qe3 Qc5 20. Qxc5
Nxc5 21. Nd4 Rac8 22. Nd5 Nxd5 23. Bxd5 Rc7 24. e3 Kf6 25. Bg2 Ne4 26. Ne2
Bc6 27. f3 Nc5 28. Nc3 a6 29. Kf2 b5 30. b4 Ne6 31. Nd5+ Bxd5 32. cxd5 Rxc1
33. Rxc1 Ng7 34. f4 Ra8 35. Rc3 Ne8 36. Ke2 Ra7 37. Kd3 Rc7 38. Bf1 Rxc3+
39. Kxc3 Nc7 40. Kd4 Kf7 41. g4 Na8 42. a4 fxg4 43. hxg4 bxa4 44. Bxa6 h5
45. g5 Nb6 46. e4 e6 47. dxe6+ Kxe6 48. Bf1 a3 49. Bh3+ Ke7 50. Kc3 d5 51.
exd5 Nxd5+ 52. Kb3 Nxf4 53. Bc8 h4 54. Kxa3 h3 55. Kb3 h2 56. Bb7 Nh3 57.
Kc4 Nf2 58. Kd4 h1=Q 59. Bxh1 Nxh1 60. b5 Ng3 61. Kd5 Kd7 62. Ke5 Nf5 0-1

[Event "Najdorf Mem Open A"]
[Site "Warsaw POL"]
[Date "2010.07.22"]
[Round "6"]
[White "Matuszewski,M"]
[Black "Krysztofiak,M"]
[Result "1/2-1/2"]
[WhiteElo "2317"]
[BlackElo "2436"]
[EventDate "2010.07.17"]

1. d4 d6 2. e4 g6 3. Nf3 Nf6 4. Bd3 Bg7 5. O-O O-O 6. Bg5 c5 7. c3 cxd4 8.
cxd4 Nc6 9. Nc3 h6 10. Bd2 Bg4 11. d5 Nd4 12. Be2 Bxf3 13. Bxf3 Qd7 14. Rc1
Rfc8 15. g3 Nxf3+ 16. Qxf3 1/2-1/2

[Event "Najdorf Mem Open A"]
[Site "Warsaw POL"]
[Date "2010.07.22"]
[Round "6"]
[White "Laurusas,T"]
[Black "Cernousek,L"]
[Result "1-0"]
[WhiteElo "2233"]
[BlackElo "2412"]
[EventDate "2010.07.17"]

1. d4 f5 2. c4 Nf6 3. Nf3 e6 4. g3 d5 5. Bg2 c6 6. O-O Bd6 7. b3 Qe7 8. Bb2
O-O 9. Qc1 b5 10. Nbd2 a5 11. a4 b4 12. Ne5 Ba6 13. Ndf3 Ne4 14. Qe3 Rc8
15. Rac1 Nd7 16. Rfd1 Ndf6 17. c5 Bb8 18. h3 Ra7 19. Nd3 Nd7 20. Nfe5 Bxe5
21. Nxe5 Nxe5 22. dxe5 Nc3 23. Bxc3 bxc3 24. Qxc3 Bxe2 25. Rd2 Bh5 26. Rb1
Rb8 27. b4 axb4 28. Rxb4 Rxb4 29. Qxb4 Rb7 30. Qa3 Rb1+ 31. Kh2 h6 32. a5
Qa7 33. a6 Kf7 34. Qa4 Rb5 35. Qh4 Bg6 36. Ra2 Ke8 37. Bf1 Rb1 38. Bd3 Rb3
39. Qa4 Rxd3 40. Qxc6+ Ke7 41. Qb7+ 1-0

[Event "Najdorf Mem Open A"]
[Site "Warsaw POL"]
[Date "2010.07.22"]
[Round "6"]
[White "Weichhold,P"]
[Black "Przedmojski,R"]
[Result "1-0"]
[WhiteElo "2190"]
[BlackElo "2390"]
[EventDate "2010.07.17"]

1. e4 e5 2. Nf3 Nc6 3. Bb5 a6 4. Bxc6 dxc6 5. O-O f6 6. d4 exd4 7. Nxd4 c5
8. Ne2 Qxd1 9. Rxd1 Bd7 10. Nbc3 O-O-O 11. Be3 Bd6 12. Nd5 Bc6 13. Bf4 Bxf4
14. Nexf4 Re8 15. f3 Ne7 16. Nxe7+ Rxe7 17. Kf2 Rf8 18. g4 Be8 19. h4 c6
20. h5 Bf7 21. a3 a5 22. Ng2 Kc7 23. Ne3 g6 24. hxg6 hxg6 25. Rh1 Be6 26.
Rh6 f5 27. exf5 gxf5 28. g5 f4 29. Ng2 Bd5 30. Rah1 Re5 31. g6 Rg5 32. R1h5
Rxh5 33. Rxh5 Kd6 34. Nxf4 Ba2 35. Kg3 Bb1 36. Rh2 Ke5 37. g7 Rg8 38. Nh5
Ba2 39. Kg4 Bf7 40. Re2+ Kd6 41. Rg2 b5 42. f4 Ke7 43. f5 Bd5 44. Re2+ Kf7
45. Kg5 Bf3 46. Re3 Bxh5 47. f6 Rxg7+ 48. fxg7 Bd1 49. Re7+ 1-0

[Event "Najdorf Mem Open A"]
[Site "Warsaw POL"]
[Date "2010.07.22"]
[Round "6"]
[White "Staniszewski,Pi"]
[Black "Bentivegna,F"]
[Result "1/2-1/2"]
[WhiteElo "2389"]
[BlackElo "2340"]
[EventDate "2010.07.17"]

1. d4 Nf6 2. Nf3 c5 3. d5 e6 4. c4 b5 5. Bg5 Qa5+ 6. Nc3 Ne4 7. Bd2 Nxd2 8.
Qxd2 b4 9. Ne4 Be7 10. Ng3 d6 11. e4 O-O 12. Bd3 Nd7 13. O-O Nf6 14. e5
dxe5 15. Nxe5 Qc7 16. Rfe1 Re8 17. Rad1 exd5 18. cxd5 Bd6 19. Nc4 Bg4 20.
Rc1 1/2-1/2

[Event "Najdorf Mem Open A"]
[Site "Warsaw POL"]
[Date "2010.07.22"]
[Round "6"]
[White "Bove,A"]
[Black "Wieczorek,O"]
[Result "1/2-1/2"]
[WhiteElo "2377"]
[BlackElo "2316"]
[EventDate "2010.07.17"]

1. Nf3 Nf6 2. c4 g6 3. Nc3 d5 4. cxd5 Nxd5 5. g3 Bg7 6. Bg2 O-O 7. O-O e5
8. Nxd5 Qxd5 9. d3 Nc6 10. Be3 Qd6 11. Rc1 Nd4 12. Qd2 c6 13. Rfe1 Re8 14.
Ng5 Bf5 15. Ne4 Bxe4 16. Bxe4 f5 17. Bg2 Rad8 18. Qa5 a6 19. Qb6 Rd7 20.
Rc4 Bf6 21. Bxd4 exd4 22. Qb3 Kg7 23. Qc2 h5 24. Qd2 h4 25. Qf4 Qxf4 26.
gxf4 Bd8 27. b4 Bc7 28. h3 Bxf4 29. e4 g5 30. Kf1 fxe4 31. Rxe4 Rxe4 32.
Bxe4 Kf6 33. Bf3 Bd2 34. Bg4 Rd6 35. a3 Rd8 36. Rc2 Bf4 37. Ke1 Be5 38. Kd1
Ke7 39. Kc1 Kd6 40. Kb2 Rf8 41. Re2 b6 42. Kb3 Rf4 43. Bh5 Rf8 44. Bg4 Rf6
1/2-1/2

[Event "Najdorf Mem Open A"]
[Site "Warsaw POL"]
[Date "2010.07.22"]
[Round "6"]
[White "Skawinski,A"]
[Black "Krzyzanowski,M"]
[Result "1/2-1/2"]
[WhiteElo "2233"]
[BlackElo "2377"]
[EventDate "2010.07.17"]

1. e4 c5 2. c3 Nf6 3. e5 Nd5 4. d4 cxd4 5. Nf3 e6 6. cxd4 b6 7. Bd3 Bb7 8.
O-O Be7 9. Nc3 f5 10. exf6 Nxf6 11. Bg5 O-O 12. Ne5 d6 13. Bxf6 Rxf6 14.
Qh5 dxe5 15. Qxh7+ Kf8 16. Qh8+ Kf7 17. Qh5+ Kg8 18. Qh7+ 1/2-1/2

[Event "Najdorf Mem Open A"]
[Site "Warsaw POL"]
[Date "2010.07.22"]
[Round "6"]
[White "Nguyen,P"]
[Black "Pazderski,Z"]
[Result "1-0"]
[WhiteElo "2372"]
[BlackElo "2246"]
[EventDate "2010.07.17"]

1. c4 c5 2. g3 Nf6 3. Bg2 d5 4. cxd5 Nxd5 5. Nf3 Nc6 6. O-O e6 7. Nc3 Be7
8. Nxd5 Qxd5 9. d3 O-O 10. Be3 Bd7 11. Qb1 Qh5 12. a3 Rfd8 13. Rc1 Rac8 14.
h4 h6 15. Rc2 b6 16. b3 e5 17. b4 Nd4 18. Bxd4 cxd4 19. Qb2 Rxc2 20. Qxc2
Rc8 21. Qb2 f6 22. Rc1 Qe8 23. Nd2 Rxc1+ 24. Qxc1 Qc8 25. Bd5+ Kh8 26.
Qxc8+ Bxc8 27. Bc6 g6 28. Kg2 Kg7 29. Be8 f5 30. Bc6 Kf6 31. f4 exf4 32.
gxf4 Bd6 33. Kf3 Be6 34. e4 dxe3 35. Kxe3 g5 36. hxg5+ hxg5 37. fxg5+ Kxg5
38. Nf3+ Kg4 39. Nd4 Bc8 40. Bf3+ Kg5 41. Nb5 Bb8 42. Bc6 a6 43. Nc3 Bh2
44. d4 Bd6 45. Nd5 f4+ 46. Kf2 b5 47. Nc3 Be7 48. Ne4+ Kg4 49. d5 Bf5 50.
Nd2 a5 51. bxa5 Bd3 52. Bd7+ Kg5 53. a6 Bc5+ 54. Kf3 Be3 55. Nb3 Bc4 56.
Na5 Bxd5+ 57. Ke2 Bb6 58. Bc6 f3+ 59. Kf1 Be6 60. Bxf3 Kf4 61. Kg2 Ke5 62.
Nc6+ Kd6 63. a7 Bxa7 64. Nxa7 Kc5 65. Nc6 Kc4 66. Be2+ Kc5 67. Nb4 Bc4 68.
Kf2 Kd4 69. Ke1 Bg8 70. Kd2 Kc5 71. Kc3 Kb6 72. Nc2 Ka5 73. Nd4 Ka4 74. Kb2
Ka5 75. Bxb5 Bf7 76. Bd7 Kb6 77. Kc3 Ka5 78. Nc6+ Kb6 79. Ne5 Bd5 80. Kb4
Be4 81. Nc4+ Ka6 82. a4 Bg2 83. a5 Bf1 84. Bb5+ Ka7 85. Kc5 Bg2 86. Ne5 Be4
87. a6 Bg2 88. Nc6+ Ka8 89. Kb6 Bf1 90. Nd4 Bg2 91. Ne6 Kb8 92. a7+ Kc8 93.
Ba6+ 1-0

[Event "Najdorf Mem Open A"]
[Site "Warsaw POL"]
[Date "2010.07.22"]
[Round "6"]
[White "Erzhanov,A"]
[Black "Fuchs,Ju"]
[Result "1/2-1/2"]
[WhiteElo "2363"]
[BlackElo "2232"]
[EventDate "2010.07.17"]

1. e4 c5 2. Nf3 d6 3. c3 Nf6 4. h3 g6 5. Bd3 Bg7 6. Bc2 O-O 7. d4 cxd4 8.
cxd4 Nc6 9. O-O e5 10. d5 Nb4 11. Bb3 Ne8 12. Nc3 f5 13. Ng5 Kh8 14. exf5
Bxf5 15. Nge4 Nf6 16. Bg5 Qb6 17. Bxf6 Bxf6 18. Qd2 Be7 19. Bc4 Rac8 20. a3
Nc2 21. Qxc2 Rxc4 22. Qe2 Rfc8 23. Ng3 a6 24. Kh1 Qd4 25. Nxf5 gxf5 26. f4
e4 27. Rad1 Qg7 28. Rd2 Qg3 29. Qh5 Qg6 30. Qe2 Bd8 31. Nd1 Rc1 32. Ne3
Rxf1+ 1/2-1/2

[Event "Najdorf Mem Open A"]
[Site "Warsaw POL"]
[Date "2010.07.22"]
[Round "6"]
[White "Valsecchi,A"]
[Black "Czarnota,D"]
[Result "1-0"]
[WhiteElo "2360"]
[BlackElo "2214"]
[EventDate "2010.07.17"]

1. d4 d5 2. Nf3 Nf6 3. c4 c6 4. Nc3 e6 5. Bg5 h6 6. Bh4 Be7 7. e3 O-O 8.
Qc2 Ne4 9. Bxe7 Qxe7 10. Nxe4 dxe4 11. Qxe4 Qb4+ 12. Nd2 Qxb2 13. Rb1 Qa3
14. c5 Qxa2 15. Bc4 Qa5 16. g4 Nd7 17. h4 Nf6 18. Qf3 e5 19. g5 Ng4 20.
gxh6 Nxh6 21. Rg1 exd4 22. exd4 Bf5 23. Qf4 Rae8+ 24. Kd1 Kh7 25. Rc1 b6
26. Qg5 g6 27. h5 Qa4+ 28. Nb3 Kg7 29. hxg6 fxg6 30. f3 bxc5 31. Rh1 Rh8
32. Qf4 Re7 33. Qd6 Rhe8 34. Qh2 Rh8 35. Qb2 Nf7 36. d5+ Ne5 37. Rxh8 Kxh8
38. d6 Re8 39. f4 Bg4+ 40. Ke1 Qb4+ 41. Kf2 Kh7 42. fxe5 Qb8 43. Rh1+ Bh5
44. Bf7 Rf8 45. Rxh5+ 1-0